000 01835cam a22003015a 4500
001 L157992
008 130926s201 xxk 000 0 eng u
020 _a9781842195888
035 _a(Sirsi) u157992
041 0 _aeng
110 2 _aRoyal Institution of Chartered Surveyors
_94900
245 0 0 _aRating consultancy RICS/IRRV/RSA code of practice
_bAddendum to 3rd edition, September 2013
_h[electronic resource]
250 _a3rd ed.
260 _aCoventry
_bRICS
_c2013
490 0 _aRICS Code of Practice
505 2 _aRating consultancy code of practice -- The code of practice applicable in England and Wales -- The code of practice in relation to Scotland -- The code of practice in relation to Northern Ireland -- Appendices
520 _aAppendices A and B to the Rating Consultancy Code of Practice have been amended following the deferment of the next rating revaluation to 2017. The Code requires one or both of these appendices to be provided to clients as part of the written confirmation of the Terms of Engagement for Rating Consultancy advice, unless the instruction relates to work in Northern Ireland where Appendix C can be used and neither Appendix A or B is required. To be read in conjunction with Rating consultancy RICS/IRRV/RSA Code of practice 3rd edition E149804..
520 _aSupersed by 4 ed 9781783211906
590 _aKA
651 4 _aEngland and Wales
_y1543-
651 4 _aScotland
_y1999-
651 4 _aNorthern Ireland
_y2007-
690 _aFinance and taxation
710 2 _aInstitute of Revenues, Rating and Valuation
_92992
710 1 _aRating Surveyors' Association
_92328
856 4 1 _uhttps://www.rics.org/Global/Addendum%20to%203rd%20edition,%20September%202013.pdf
_zView the addendum to code of practice free of charge (member-only content) at www.rics.org
942 _n0
999 _c115061
_d115061